[Event "CXU Obro Nytaar 2012"]
[Site "Copenhagen"]
[Date "2012.12.29"]
[Round "5"]
[White "Hector, Jonny"]
[Black "Ochsner, Bjorn Moller"]
[Result "1/2-1/2"]
[WhiteElo "2539"]
[BlackElo "2307"]
[PlyCount "68"]
[EventDate "2012.??.??"]
[EventType "swiss"]
[EventRounds "7"]

1. e4 c5 2. Nf3 d6 3. d4 cxd4 4. Nxd4 Nf6 5. Nc3 a6 6. Bg5 e6 7. f4 Qb6 8. Qd2
Qxb2 9. Nb3 Qa3 10. Bxf6 gxf6 11. Be2 h5 12. O-O Nd7 13. Rf3 Be7 14. Rh3 h4 15.
Rd1 Nc5 16. Nd4 Qa5 17. f5 Bd7 18. Bg4 Rc8 19. Kh1 b5 20. a3 Kd8 21. Qe1 Rc7
22. Qf2 Kc8 23. Nde2 Na4 24. Nxa4 Qxa4 25. fxe6 fxe6 26. Nd4 Rg8 27. Qf3 Rc4
28. c3 Kb8 29. Bxe6 Bxe6 30. Nxe6 Rxc3 31. Qe2 Rxh3 32. gxh3 Qc4 33. Qxc4 bxc4
34. Nf4 Rg5 1/2-1/2

[Event "CXU Obro Nytaar 2012"]
[Site "Copenhagen"]
[Date "2012.12.29"]
[Round "5"]
[White "Stojanovski, Sandi"]
[Black "Nilssen, John Arni"]
[Result "1/2-1/2"]
[WhiteElo "2217"]
[BlackElo "2363"]
[PlyCount "63"]
[EventDate "2012.??.??"]
[EventType "swiss"]
[EventRounds "7"]

1. d4 Nf6 2. c4 c5 3. d5 e5 4. Nc3 d6 5. e4 g6 6. g3 Bg7 7. Bg2 O-O 8. Nge2 Nh5
9. O-O Nd7 10. Be3 f5 11. exf5 gxf5 12. f4 exf4 13. Nxf4 Nxf4 14. Bxf4 Ne5 15.
Bxe5 Bxe5 16. Qb3 Qf6 17. Rab1 Bd7 18. Kh1 Rab8 19. Qc2 Kh8 20. Rf3 Qh6 21. Ne2
b5 22. b3 f4 23. Nxf4 Bf5 24. Nd3 bxc4 25. bxc4 Rxb1+ 26. Qxb1 Bxd3 27. Rxf8+
Qxf8 28. Qxd3 Qf2 29. Qf1 Qxf1+ 30. Bxf1 Kg7 31. Kg2 a5 32. a4 1/2-1/2

[Event "CXU Obro Nytaar 2012"]
[Site "Copenhagen"]
[Date "2012.12.29"]
[Round "5"]
[White "Hansen, Mads"]
[Black "Koskela, Niina"]
[Result "1/2-1/2"]
[WhiteElo "2328"]
[BlackElo "2211"]
[PlyCount "131"]
[EventDate "2012.??.??"]
[EventType "swiss"]
[EventRounds "7"]

1. c4 Nf6 2. g3 e6 3. Bg2 d5 4. Nf3 Be7 5. O-O O-O 6. b3 c5 7. Bb2 Nc6 8. e3 d4
9. exd4 cxd4 10. Re1 Re8 11. a3 a5 12. d3 Bf8 13. Ne5 Nxe5 14. Rxe5 Ra7 15. Nd2
Bd6 16. Rb5 e5 17. c5 Bf8 18. Rc1 Nd5 19. Nc4 Nc3 20. Bxc3 dxc3 21. Qc2 Bd7 22.
Rxb7 Rxb7 23. Bxb7 Bxc5 24. Qxc3 Qf6 25. Rc2 Bd4 26. Qxa5 h5 27. Qd5 Bg4 28. b4
h4 29. Qe4 Bd1 30. Rd2 hxg3 31. hxg3 Bh5 32. Kg2 Bg6 33. Qf3 Qg5 34. Be4 f5 35.
Bd5+ Kf8 36. Ne3 f4 37. Qg4 Qf6 38. Nc2 Bf5 39. Qh5 Bc3 40. Rd1 Ke7 41. Be4 Be6
42. Ne1 g5 43. Qh7+ Kf8 44. Nf3 Re7 45. Qh5 Rg7 46. Rc1 g4 47. Nh4 fxg3 48.
fxg3 Rf7 49. Ng6+ Ke8 50. Bc6+ Bd7 51. Bxd7+ Kxd7 52. Qxg4+ Kd6 53. Qe4 Qf2+
54. Kh3 Qd2 55. Rg1 Bd4 56. Rg2 Qd1 57. b5 Rc7 58. Nh4 Qh1+ 59. Kg4 Rg7+ 60.
Kh5 Qd1+ 61. Re2 Rc7 62. Nf5+ Kc5 63. Nxd4 exd4 64. Qe5+ Kb6 65. Kg5 Rc5 66.
Kf6 1/2-1/2

[Event "CXU Obro Nytaar 2012"]
[Site "Copenhagen"]
[Date "2012.12.29"]
[Round "5"]
[White "Andreasen, Per Naesby"]
[Black "Kirknel, Thomas"]
[Result "1-0"]
[WhiteElo "2280"]
[BlackElo "2125"]
[PlyCount "125"]
[EventDate "2012.??.??"]
[EventType "swiss"]
[EventRounds "7"]

1. Nf3 c5 2. g3 Nc6 3. c4 e5 4. Nc3 Nf6 5. Bg2 Be7 6. O-O O-O 7. d3 d6 8. a3 h6
9. Rb1 a5 10. Nd2 Be6 11. Nde4 Rb8 12. Nxf6+ Bxf6 13. Nd5 Be7 14. Bd2 Re8 15.
b4 axb4 16. axb4 cxb4 17. Bxb4 Bf8 18. Qd2 b6 19. Rb2 Ne7 20. Nc3 Kh8 21. Rfb1
Ng8 22. Nd5 Bxd5 23. Bxd5 Qc7 24. Qe3 Nf6 25. Qf3 Kg8 26. Bd2 Nxd5 27. Qxd5 Rb7
28. Be3 Reb8 29. Qb5 Be7 30. Ra2 Bg5 31. Bxg5 hxg5 32. Qd5 Qc5 33. Rb5 Qxd5 34.
Rxd5 Rd8 35. Rb2 Kf8 36. c5 Ke7 37. cxb6 Rdb8 38. Rdb5 Kd7 39. R5b4 Kc6 40.
Rc4+ Kd7 41. Rg4 f6 42. h4 Rxb6 43. Rxb6 Rxb6 44. hxg5 f5 45. Ra4 Rb7 46. f4
Ke6 47. Kf2 g6 48. Ra8 Rg7 49. Ke3 Kd5 50. Kf3 Ke6 51. Rf8 Kd5 52. Re8 Kd4 53.
Re6 Kd5 54. Rf6 Rg8 55. e4+ fxe4+ 56. dxe4+ Kc5 57. Re6 exf4 58. gxf4 Rg7 59.
Kg4 Kd4 60. f5 gxf5+ 61. exf5 d5 62. f6 Rd7 63. g6 1-0

[Event "CXU Obro Nytaar 2012"]
[Site "Copenhagen"]
[Date "2012.12.29"]
[Round "5"]
[White "Haubro, Martin"]
[Black "Brinck Claussen, Bjorn"]
[Result "1-0"]
[WhiteElo "2161"]
[BlackElo "2233"]
[PlyCount "45"]
[EventDate "2012.??.??"]
[EventType "swiss"]
[EventRounds "7"]

1. e4 c5 2. c3 Nf6 3. e5 Nd5 4. d4 cxd4 5. Nf3 e6 6. cxd4 d6 7. Bc4 Nb6 8. Bd3
dxe5 9. dxe5 Bb4+ 10. Nc3 Nd5 11. O-O Nxc3 12. bxc3 Be7 13. Qe2 Nd7 14. Rd1 Qc7
15. Bf4 Nc5 16. Bc2 Bd7 17. Nd4 a6 18. Rab1 h5 19. Qe3 O-O-O 20. Nf5 Bf8 21.
Nd6+ Bxd6 22. exd6 Qa5 23. Rd4 1-0

[Event "CXU Obro Nytaar 2012"]
[Site "Copenhagen"]
[Date "2012.12.29"]
[Round "5"]
[White "Haubro, Sigfred"]
[Black "Christensen, Bo Garner"]
[Result "1-0"]
[WhiteElo "2098"]
[BlackElo "2240"]
[PlyCount "67"]
[EventDate "2012.??.??"]
[EventType "swiss"]
[EventRounds "7"]

1. b3 e5 2. Bb2 d6 3. e3 Nf6 4. Nf3 Be7 5. Be2 O-O 6. O-O Nc6 7. c4 Bg4 8. d4
e4 9. Nfd2 Bxe2 10. Qxe2 Re8 11. Nc3 Bf8 12. a3 Qd7 13. Rad1 Qf5 14. b4 a6 15.
Rde1 d5 16. cxd5 Ne7 17. f3 exf3 18. Rxf3 Qh5 19. e4 Nexd5 20. Nxd5 Nxd5 21.
Qf2 Nf6 22. h3 Rad8 23. e5 Nd5 24. Re4 Rd7 25. Rh4 Qg6 26. Ne4 h5 27. Rf5 Be7
28. Rhxh5 b6 29. Qf3 Bd8 30. Bc1 Qc6 31. Bg5 Bxg5 32. Rhxg5 Qc1+ 33. Kh2 Kf8
34. e6 1-0

[Event "CXU Obro Nytaar 2012"]
[Site "Copenhagen"]
[Date "2012.12.29"]
[Round "5"]
[White "Rosenkilde, Alexander"]
[Black "Andersen, Rune Egede"]
[Result "1-0"]
[WhiteElo "2246"]
[BlackElo "2005"]
[PlyCount "115"]
[EventDate "2012.??.??"]
[EventType "swiss"]
[EventRounds "7"]

1. d4 d5 2. c4 dxc4 3. e3 e5 4. Bxc4 exd4 5. exd4 Nf6 6. Nf3 Bd6 7. O-O O-O 8.
h3 Nc6 9. Nc3 h6 10. Qc2 Nb4 11. Qb1 c6 12. Bxh6 gxh6 13. Qg6+ Kh8 14. Qxh6+
Nh7 15. Ne4 Be7 16. Ne5 Qxd4 17. Nxf7+ Rxf7 18. Bxf7 Qxe4 19. Rae1 Qh4 20. Qxh4
Bxh4 21. Re4 Bf6 22. Rxb4 Kg7 23. Bb3 a5 24. Re4 Bf5 25. Rf4 Bg6 26. Rd1 Rd8
27. Rxd8 Bxd8 28. Rd4 Bf6 29. Rd7+ Kh6 30. Rxb7 Bxb2 31. Ba4 Bd4 32. Bxc6 Nf6
33. Rb5 Bc3 34. f4 Nh5 35. f5 Ng3 36. Kh2 Nf1+ 37. Kg1 Ng3 38. Rb3 Bd4+ 39. Kh2
Nxf5 40. g3 Be5 41. Bd7 Nd4 42. Rb6 Kg7 43. Bg4 Be4 44. Ra6 Bc7 45. h4 Nc6 46.
Kh3 Bd8 47. Ra8 Bf6 48. Bd1 Bc3 49. g4 Bb4 50. g5 Bb1 51. a4 Be4 52. h5 Ne5 53.
Ra7+ Kf8 54. h6 Bf5+ 55. Kg3 Be1+ 56. Kf4 Nc4 57. Kxf5 Ne3+ 58. Ke6 1-0

[Event "CXU Obro Nytaar 2012"]
[Site "Copenhagen"]
[Date "2012.12.29"]
[Round "5"]
[White "Jorgensen, Mikkel"]
[Black "Porte, Henrik"]
[Result "0-1"]
[WhiteElo "1726"]
[BlackElo "2156"]
[PlyCount "42"]
[EventDate "2012.??.??"]
[EventType "swiss"]
[EventRounds "7"]

1. d4 d5 2. e4 c6 3. Nc3 dxe4 4. f3 Qb6 5. Nxe4 Bf5 6. Ne2 Nd7 7. N2g3 Bg6 8.
Bc4 Ngf6 9. c3 e6 10. Qe2 Be7 11. Bf4 O-O 12. h4 h6 13. h5 Bh7 14. Nxf6+ Nxf6
15. Ne4 Nd5 16. Be5 f6 17. Bg3 f5 18. Nf2 f4 19. Bh4 Bxh4 20. Rxh4 Ne3 21. Nd1
Nc2+ 0-1

[Event "CXU Obro Nytaar 2012"]
[Site "Copenhagen"]
[Date "2012.12.29"]
[Round "5"]
[White "Christensen, Christian Sylvester"]
[Black "Brondum, Eric"]
[Result "1/2-1/2"]
[WhiteElo "2009"]
[BlackElo "2089"]
[PlyCount "86"]
[EventDate "2012.??.??"]
[EventType "swiss"]
[EventRounds "7"]

1. Nf3 Nf6 2. c4 g6 3. g3 Bg7 4. Bg2 O-O 5. O-O d6 6. d4 Nbd7 7. Nc3 e5 8. Qc2
c6 9. Rd1 Qe7 10. e4 exd4 11. Nxd4 a5 12. b3 Nc5 13. Ba3 Re8 14. f3 Nfd7 15.
Kh1 h5 16. Nde2 h4 17. Qd2 Bf8 18. f4 Nf6 19. Bxc5 dxc5 20. e5 Ng4 21. Ne4 Bf5
22. N2c3 hxg3 23. hxg3 f6 24. Nxf6+ Nxf6 25. exf6 Qxf6 26. Rac1 Rad8 27. Qf2
Rxd1+ 28. Nxd1 Qh8+ 29. Kg1 Bg7 30. Qd2 Bd4+ 31. Nf2 Be3 32. Re1 Qd4 33. Qxd4
cxd4 34. Bf3 Bc2 35. Kg2 Kf8 36. Nd1 Bd2 37. Rxe8+ Kxe8 38. Nf2 Bb1 39. Be4
Bxa2 40. Bxg6+ Ke7 41. Bc2 a4 42. bxa4 Bxc4 43. Kf3 Be3 1/2-1/2

[Event "CXU Obro Nytaar 2012"]
[Site "Copenhagen"]
[Date "2012.12.29"]
[Round "5"]
[White "Pedersen, Thomas Vils"]
[Black "Skjoldager, Per"]
[Result "1-0"]
[WhiteElo "2021"]
[BlackElo "2111"]
[PlyCount "147"]
[EventDate "2012.??.??"]
[EventType "swiss"]
[EventRounds "7"]

1. d4 Nf6 2. Nf3 e6 3. g3 b6 4. Bg2 Bb7 5. c4 Be7 6. O-O O-O 7. d5 exd5 8. Nh4
Re8 9. Nf5 d6 10. Nc3 Qd7 11. Ne3 c6 12. cxd5 c5 13. a4 Na6 14. Nc4 Nb4 15. e4
Ba6 16. b3 h6 17. Bf4 Nh7 18. Re1 g5 19. Be3 Bf6 20. Rc1 Bg7 21. f3 Nf8 22. Bf1
Ng6 23. Bf2 Ne5 24. Nxe5 Bxe5 25. Bxa6 Nxa6 26. Qd2 Kh7 27. Nd1 f5 28. Ne3 fxe4
29. fxe4 Nb4 30. Nf5 Bg7 31. g4 Be5 32. Kg2 Rg8 33. h4 Rg6 34. hxg5 Rxg5 35.
Kf3 Rf8 36. Rh1 Qg7 37. Ke2 Rgxf5 38. gxf5 Qg4+ 39. Kf1 Bf4 40. Qd1 Qg7 41. Rc4
a6 42. Rg1 Qe5 43. Rxb4 cxb4 44. Bd4 Qe7 45. Rg7+ Qxg7 46. Bxg7 Kxg7 47. Qd4+
Be5 48. Qxb6 h5 49. Qg1+ Kf6 50. Qg6+ Ke7 51. Qxh5 Rh8 52. Qg6 Rh4 53. Qe6+ Kd8
54. f6 Rf4+ 55. Ke2 Rxf6 56. Qg8+ Kc7 57. Qa8 Bd4 58. Qxa6 Bb6 59. a5 Bc5 60.
e5 Rh6 61. Qc6+ Kd8 62. e6 Rh2+ 63. Kd3 Rh3+ 64. Kc4 Rh7 65. a6 Ra7 66. Kb5 Rc7
67. Qa8+ Ke7 68. Qg8 Ra7 69. Qf7+ Kd8 70. Qf8+ Kc7 71. e7 Rb7+ 72. axb7 Kxb7
73. e8=Q Ba7 74. Qc6# 1-0

[Event "CXU Obro Nytaar 2012"]
[Site "Copenhagen"]
[Date "2012.12.29"]
[Round "5"]
[White "Petersen, Martin Reib"]
[Black "Kirkegaard, Niels"]
[Result "1-0"]
[WhiteElo "1949"]
[BlackElo "1977"]
[PlyCount "129"]
[EventDate "2012.??.??"]
[EventType "swiss"]
[EventRounds "7"]

1. e4 e5 2. f4 exf4 3. Bc4 Nf6 4. Nc3 c6 5. d4 d5 6. exd5 cxd5 7. Bb3 Bd6 8.
Nf3 Nc6 9. O-O Ne7 10. Qe1 O-O 11. Ne5 Qb6 12. Qf2 g5 13. h4 h6 14. hxg5 hxg5
15. Bxf4 gxf4 16. Qxf4 Bxe5 17. Qxe5 Ng4 18. Qg5+ Ng6 19. Rf4 Qd8 20. Rxg4 Bxg4
21. Qxg4 Qh4 22. Qxh4 Nxh4 23. Rf1 Rae8 24. Bxd5 b6 25. Ne4 Kg7 26. c3 f5 27.
Ng5 Kg6 28. Ne6 Rh8 29. g3 Kf6 30. gxh4 Reg8+ 31. Kf2 Rxh4 32. Ke3 Rh2 33. Rf2
Rg3+ 34. Ke2 Rhh3 35. Nf4 Rh7 36. Rg2 Rxg2+ 37. Bxg2 Kg5 38. Kf3 Rh4 39. Ne6+
Kf6 40. Nf4 Rh8 41. Nd3 b5 42. Nb4 Rd8 43. Kf4 Rg8 44. Bc6 Rg4+ 45. Kf3 a5 46.
Nd5+ Kg5 47. Bd7 b4 48. Bxf5 bxc3 49. bxc3 Rg1 50. Bc2 Kh4 51. Ne3 Ra1 52. Bb3
a4 53. Bxa4 Rxa2 54. Bc2 Kg5 55. Ke4 Kf6 56. d5 Ke7 57. Nf5+ Kd7 58. Bd3 Ra1
59. Bb5+ Kd8 60. c4 Rd1 61. Ke5 Rb1 62. Kd6 Rg1 63. Nd4 Rg6+ 64. Ne6+ Kc8 65.
Bd7+ 1-0

[Event "CXU Obro Nytaar 2012"]
[Site "Copenhagen"]
[Date "2012.12.29"]
[Round "5"]
[White "Nielsen, Morten Davidsen"]
[Black "Nielsen, Klaus"]
[Result "1/2-1/2"]
[WhiteElo "1943"]
[BlackElo "2095"]
[PlyCount "88"]
[EventDate "2012.??.??"]
[EventType "swiss"]
[EventRounds "7"]

1. e4 d5 2. exd5 Qxd5 3. d4 Nc6 4. Be3 e5 5. Nc3 Bb4 6. a3 Bxc3+ 7. bxc3 Nf6 8.
Nf3 e4 9. Nd2 O-O 10. Bc4 Qa5 11. Nb1 Bg4 12. Be2 Be6 13. a4 Qf5 14. O-O Qg6
15. Bf4 Rac8 16. c4 Rfd8 17. d5 Ne7 18. Nd2 Bf5 19. Ra3 h6 20. Rg3 Qh7 21. Be5
Ne8 22. Qa1 Bg6 23. Rb3 b6 24. a5 f6 25. Bg3 Nd6 26. axb6 axb6 27. Nb1 Nef5 28.
Na3 e3 29. Bxd6 exf2+ 30. Rxf2 Nxd6 31. Bd3 Re8 32. Nb5 Ra8 33. Qb1 Nxb5 34.
cxb5 Bxd3 35. Rxd3 Qe4 36. Rf1 Re5 37. Qb3 Rd8 38. d6+ Kh7 39. dxc7 Rc8 40. Qf7
Re7 41. Qd5 Rcxc7 42. Qxe4+ Rxe4 43. Rc1 Rc5 44. c4 Re6 1/2-1/2

[Event "CXU Obro Nytaar 2012"]
[Site "Copenhagen"]
[Date "2012.12.29"]
[Round "5"]
[White "Grau, Peter Christian"]
[Black "Ohayv, Nikolaj"]
[Result "1/2-1/2"]
[WhiteElo "2031"]
[BlackElo "1765"]
[PlyCount "118"]
[EventDate "2012.??.??"]
[EventType "swiss"]
[EventRounds "7"]

1. e4 e5 2. Nf3 Nc6 3. Bb5 a6 4. Ba4 Nf6 5. O-O b5 6. Bb3 Be7 7. Re1 d6 8. c3
Na5 9. Bc2 c5 10. d4 Qc7 11. Nbd2 Bg4 12. d5 O-O 13. Nf1 Nc4 14. h3 Bh5 15. g4
Bg6 16. Ng3 Rfe8 17. Qe2 Rac8 18. a4 Nb6 19. Nh2 c4 20. Nhf1 h6 21. Ne3 Nh7 22.
Ng2 Bg5 23. h4 Bxc1 24. Rexc1 f6 25. h5 Bf7 26. Nh4 Ng5 27. Kh2 Rb8 28. Ngf5
Qd7 29. axb5 axb5 30. Qe3 Na4 31. Bxa4 bxa4 32. Ra2 Rec8 33. Nf3 Nxf3+ 34. Qxf3
Be8 35. Qe2 Rc5 36. Kg3 Qc7 37. Rca1 Rb6 38. Ra3 Ra5 39. Ne3 Rc5 40. R1a2 Bb5
41. Qf1 Bd7 42. Nc2 Qc8 43. Qd1 Ra5 44. f3 Ra7 45. Qd2 Qc5 46. Qe3 Qc7 47. Qf2
Ra5 48. Kg2 Rb7 49. Ne3 Rc5 50. Nd1 Qc8 51. Qe2 Qe8 52. Ne3 Qc8 53. Rxa4 Bxa4
54. Rxa4 Qb8 55. Nxc4 Rb3 56. Kg3 Kh7 57. Ra3 Rcb5 58. Ra6 Rxb2 59. Nxb2 Rxb2
1/2-1/2

[Event "CXU Obro Nytaar 2012"]
[Site "Copenhagen"]
[Date "2012.12.29"]
[Round "5"]
[White "Percivaldi, Martin"]
[Black "Holst, Peter Stein"]
[Result "1-0"]
[WhiteElo "2060"]
[BlackElo "1867"]
[PlyCount "101"]
[EventDate "2012.??.??"]
[EventType "swiss"]
[EventRounds "7"]

1. d4 d5 2. Nf3 Nf6 3. c4 c6 4. e3 Bf5 5. Nc3 e6 6. Nh4 Bg6 7. Be2 Nbd7 8. g3
Be7 9. O-O O-O 10. Nxg6 hxg6 11. b3 Qc7 12. Bb2 Rac8 13. f4 Ne4 14. Nxe4 dxe4
15. Rc1 Qa5 16. Qc2 f5 17. Rfd1 Kf7 18. Bc3 Bb4 19. Bxb4 Qxb4 20. Qb2 Nf6 21.
a3 Qe7 22. h4 Rcd8 23. b4 Rd7 24. Qb3 Rfd8 25. c5 Nd5 26. Kf2 Rh8 27. Rh1 Rdd8
28. Bc4 a6 29. a4 Ra8 30. Ra1 Ra7 31. Ke2 Qd7 32. Rhb1 Rha8 33. Kd2 Qe7 34. Qd1
Qc7 35. Bxd5 exd5 36. Qe2 Qd8 37. Rh1 Qf6 38. g4 Rh8 39. g5 Qd8 40. h5 Ra8 41.
hxg6+ Kxg6 42. Rxh8 Qxh8 43. Qg2 Kf7 44. Rh1 Qf8 45. Rh7 b6 46. Qh3 Ke6 47. Qh5
Qf7 48. cxb6 Qxh5 49. Rxh5 a5 50. bxa5 Rxa5 51. b7 1-0

[Event "CXU Obro Nytaar 2012"]
[Site "Copenhagen"]
[Date "2012.12.30"]
[Round "6"]
[White "Olsen, Peter Erik"]
[Black "Hector, Jonny"]
[Result "0-1"]
[WhiteElo "2121"]
[BlackElo "2539"]
[PlyCount "106"]
[EventDate "2012.??.??"]
[EventType "swiss"]
[EventRounds "7"]

1. d4 d5 2. c4 c6 3. Nf3 Nf6 4. Qb3 e6 5. Bg5 Be7 6. e3 O-O 7. Nc3 Nbd7 8. Be2
h6 9. Bh4 b6 10. O-O Bb7 11. Rfd1 Rc8 12. Rac1 Re8 13. a3 g5 14. Bg3 Nh5 15. e4
Nxg3 16. hxg3 dxe4 17. Nxe4 c5 18. Qe3 f5 19. Nxc5 bxc5 20. Qxe6+ Kg7 21. dxc5
Nxc5 22. Qxf5 Qb6 23. b4 Qf6 24. Qc2 Be4 25. Qa2 Ne6 26. c5 Red8 27. Qc4 Bb7
28. Qb3 g4 29. Nh4 h5 30. Qe3 Rd5 31. Rxd5 Bxd5 32. Bd3 Bf8 33. Rd1 Nc7 34.
Nf5+ Kh8 35. Nd6 Bh6 36. Qe2 Rf8 37. Bf5 Bc6 38. Be4 Qe5 39. Qc4 Bxe4 40. Nf7+
Rxf7 41. Qxf7 Bd5 42. Qg6 Bf8 43. Kh2 Bg7 44. b5 Nxb5 45. Rxd5 Qxd5 46. Qe8+
Kh7 47. Qxb5 Bf8 48. Qb1+ Kh6 49. Qb2 Bxc5 50. a4 Kg6 51. Qc2+ Kg7 52. Qe2 Qd4
53. Kg1 Kf6 0-1

[Event "CXU Obro Nytaar 2012"]
[Site "Copenhagen"]
[Date "2012.12.30"]
[Round "6"]
[White "Ochsner, Bjorn Moller"]
[Black "Haubro, Martin"]
[Result "1-0"]
[WhiteElo "2307"]
[BlackElo "2161"]
[PlyCount "67"]
[EventDate "2012.??.??"]
[EventType "swiss"]
[EventRounds "7"]

1. e4 c6 2. d4 d5 3. Nc3 dxe4 4. Nxe4 Nd7 5. Nf3 Ngf6 6. Ng3 c5 7. Bd3 Qc7 8.
O-O e6 9. Re1 Be7 10. c4 O-O 11. d5 Nb6 12. Qe2 Re8 13. Ng5 exd5 14. Nh5 Ne4
15. Nxe4 dxe4 16. Qxe4 f5 17. Qf3 Bd7 18. Bf4 Qc6 19. Qxc6 bxc6 20. Be5 Bf8 21.
Rad1 Be6 22. b3 Rad8 23. Nf4 Bf7 24. h4 g6 25. Kf1 Bg7 26. Bxg7 Kxg7 27. Rxe8
Rxe8 28. Be2 Re7 29. Bf3 Be8 30. Rd6 Nc8 31. Rd8 Nb6 32. Rd6 Nc8 33. Rd8 Nb6
34. Nd3 1-0

[Event "CXU Obro Nytaar 2012"]
[Site "Copenhagen"]
[Date "2012.12.30"]
[Round "6"]
[White "Haubro, Sigfred"]
[Black "Andreasen, Per Naesby"]
[Result "1/2-1/2"]
[WhiteElo "2098"]
[BlackElo "2280"]
[PlyCount "32"]
[EventDate "2012.??.??"]
[EventType "swiss"]
[EventRounds "7"]

1. Nf3 g6 2. g3 Bg7 3. Bg2 Nf6 4. O-O O-O 5. d4 d6 6. Nc3 Nbd7 7. h3 e5 8. e4
Re8 9. dxe5 dxe5 10. Be3 c6 11. Qd2 Qe7 12. Rab1 Nc5 13. Nh2 a5 14. a4 Be6 15.
Qe2 Ncd7 16. f4 Qb4 1/2-1/2

[Event "CXU Obro Nytaar 2012"]
[Site "Copenhagen"]
[Date "2012.12.30"]
[Round "6"]
[White "Porte, Henrik"]
[Black "Hansen, Mads"]
[Result "1-0"]
[WhiteElo "2156"]
[BlackElo "2328"]
[PlyCount "101"]
[EventDate "2012.??.??"]
[EventType "swiss"]
[EventRounds "7"]

1. d4 Nf6 2. c4 e6 3. Nc3 Bb4 4. Qc2 O-O 5. a3 Bxc3+ 6. Qxc3 Qe8 7. e3 d6 8.
Nf3 b6 9. b4 Bb7 10. Be2 Nbd7 11. Bb2 Ne4 12. Qc2 f5 13. Rd1 Ndf6 14. O-O a5
15. d5 e5 16. Ra1 Qg6 17. Nd2 Bc8 18. f4 Re8 19. Nxe4 fxe4 20. fxe5 dxe5 21.
Rad1 Bh3 22. Rf2 axb4 23. axb4 Rad8 24. Qb3 h5 25. c5 bxc5 26. bxc5 Rb8 27. Qc3
Kh7 28. d6 cxd6 29. Rxd6 Bg4 30. c6 Bxe2 31. Rxe2 Qf7 32. h3 Re7 33. Qc5 h4 34.
Rf2 Qe8 35. Rd1 Nh5 36. Ba3 Re6 37. c7 Rc8 38. Qc4 Ng3 39. Rf8 Qh5 40. Re1 Ree8
41. Qg8+ Kh6 42. Rxe8 Qxe8 43. Qxe8 Rxe8 44. Rd1 Rc8 45. Bd6 Ne2+ 46. Kf2 Nc3
47. Rc1 Nd5 48. Rc5 Nb6 49. Bxe5 Nd7 50. Bf4+ Kg6 51. Rd5 1-0

[Event "CXU Obro Nytaar 2012"]
[Site "Copenhagen"]
[Date "2012.12.30"]
[Round "6"]
[White "Koskela, Niina"]
[Black "Rosenkilde, Alexander"]
[Result "1/2-1/2"]
[WhiteElo "2211"]
[BlackElo "2246"]
[PlyCount "101"]
[EventDate "2012.??.??"]
[EventType "swiss"]
[EventRounds "7"]

1. e4 c5 2. Nf3 Nc6 3. Bb5 e6 4. Bxc6 bxc6 5. O-O Qc7 6. b3 e5 7. Re1 g6 8. c3
Bg7 9. Bb2 Ne7 10. d4 exd4 11. cxd4 O-O 12. e5 cxd4 13. Bxd4 Re8 14. Nbd2 Nf5
15. Ne4 Nxd4 16. Qxd4 d5 17. Nf6+ Bxf6 18. exf6 Bf5 19. Qh4 Qd6 20. Rac1 c5 21.
Qg5 Be4 22. Nd2 Rac8 23. Nxe4 Rxe4 24. Rxe4 dxe4 25. h4 h6 26. Qxh6 Qxf6 27.
Qg5 Kg7 28. Qxf6+ Kxf6 29. Kf1 Ke5 30. Ke2 f5 31. g3 Kd4 32. Rc4+ Kd5 33. Ra4
Rc7 34. Ke3 Ke5 35. Ra5 Kf6 36. Kf4 Rc6 37. Rxa7 Rd6 38. Rc7 Rd2 39. Rc6+ Kg7
40. Ke3 Rxa2 41. Rxc5 Rb2 42. Rc3 g5 43. hxg5 Kg6 44. f3 exf3 45. Kxf3 Kxg5 46.
Ke3 Kg4 47. Kd4 Rg2 48. Ke5 Re2+ 49. Kf6 Rb2 50. Rd3 Rb1 51. Rc3 1/2-1/2

[Event "CXU Obro Nytaar 2012"]
[Site "Copenhagen"]
[Date "2012.12.30"]
[Round "6"]
[White "Rostgaard, Tobias Valentin"]
[Black "Thuesen, Mogens Henrik"]
[Result "1/2-1/2"]
[WhiteElo "2223"]
[BlackElo "2215"]
[PlyCount "58"]
[EventDate "2012.??.??"]
[EventType "swiss"]
[EventRounds "7"]

1. Nf3 Nf6 2. d4 g6 3. c4 Bg7 4. g3 O-O 5. Bg2 d6 6. O-O c6 7. Nc3 Bf5 8. Nh4
Be6 9. d5 cxd5 10. cxd5 Bd7 11. Be3 Qa5 12. h3 Rc8 13. Qd2 Na6 14. a3 Qc7 15.
Rac1 Nc5 16. Qd1 a5 17. b4 axb4 18. axb4 Na6 19. Na4 Bxa4 20. Qxa4 Qd7 21. Qxd7
Nxd7 22. Nf3 Nxb4 23. Rb1 Nxd5 24. Rxb7 Nxe3 25. fxe3 Rd8 26. Ng5 Bf6 27. Nxf7
Kxf7 28. Rxd7 Rxd7 29. Bxa8 Ra7 1/2-1/2

[Event "CXU Obro Nytaar 2012"]
[Site "Copenhagen"]
[Date "2012.12.30"]
[Round "6"]
[White "Stojanovski, Sandi"]
[Black "Thestrup, Sixten"]
[Result "1-0"]
[WhiteElo "2217"]
[BlackElo "2104"]
[PlyCount "81"]
[EventDate "2012.??.??"]
[EventType "swiss"]
[EventRounds "7"]

1. d4 d6 2. e4 Nf6 3. Nc3 c6 4. a4 Qa5 5. Bd3 e5 6. Nge2 Be7 7. O-O O-O 8. Bd2
Qc7 9. Kh1 Bg4 10. f3 Bh5 11. Be3 Nbd7 12. a5 Rfe8 13. Qd2 d5 14. exd5 cxd5 15.
Nb5 Qd8 16. dxe5 Nxe5 17. Bxa7 Nxd3 18. cxd3 Nd7 19. Ng3 Bg6 20. Rfe1 Rc8 21.
b4 Bf6 22. Bd4 Ne5 23. Nc3 Nxf3 24. Bxf6 Nxd2 25. Bxd8 Rexd8 26. Na4 Nb3 27.
Rab1 Nd4 28. Nc5 Rc7 29. Ne2 Nc2 30. Rec1 Na3 31. Ra1 Nb5 32. Kg1 Re7 33. Kf2
f6 34. Re1 Rde8 35. Nf4 Bf7 36. Rxe7 Rxe7 37. Re1 Rc7 38. Nfe6 Bxe6 39. Rxe6
Rc6 40. Re8+ Kf7 41. Rb8 1-0

[Event "CXU Obro Nytaar 2012"]
[Site "Copenhagen"]
[Date "2012.12.30"]
[Round "6"]
[White "Brinck Claussen, Bjorn"]
[Black "Petersen, Martin Reib"]
[Result "1-0"]
[WhiteElo "2233"]
[BlackElo "1949"]
[PlyCount "53"]
[EventDate "2012.??.??"]
[EventType "swiss"]
[EventRounds "7"]

1. e4 e5 2. Nf3 d6 3. d4 exd4 4. Nxd4 Nf6 5. Nc3 Be7 6. Be2 O-O 7. O-O a6 8. f4
Nc6 9. Nxc6 bxc6 10. Bf3 Bb7 11. b3 Re8 12. Bb2 Bf8 13. Qd2 Qc8 14. Rae1 c5 15.
Qf2 c4 16. bxc4 a5 17. Qg3 g6 18. Nd5 Bxd5 19. cxd5 Bg7 20. e5 Nd7 21. Ba1 dxe5
22. fxe5 Ra6 23. Bg4 Re7 24. e6 fxe6 25. Bxe6+ Kh8 26. Bxg7+ Rxg7 27. Qc3 1-0

[Event "CXU Obro Nytaar 2012"]
[Site "Copenhagen"]
[Date "2012.12.30"]
[Round "6"]
[White "Christensen, Bo Garner"]
[Black "Christensen, Christian Sylvester"]
[Result "1-0"]
[WhiteElo "2240"]
[BlackElo "2009"]
[PlyCount "127"]
[EventDate "2012.??.??"]
[EventType "swiss"]
[EventRounds "7"]

1. e4 e5 2. Nf3 Nc6 3. Bb5 Nf6 4. d3 Bc5 5. c3 O-O 6. O-O d6 7. h3 h6 8. Nbd2
a6 9. Ba4 Ne7 10. d4 exd4 11. cxd4 Ba7 12. Qe2 d5 13. e5 Nh7 14. Rd1 f5 15. Nf1
Be6 16. Bd2 Kh8 17. Bb4 Rg8 18. Ng3 g6 19. Qe3 g5 20. Nh5 Ng6 21. Bc2 Qd7 22.
Re1 Rae8 23. Rad1 Qf7 24. Qd3 Bb6 25. Ba4 c6 26. Bc2 Bd8 27. Bb1 Nf4 28. Nxf4
gxf4 29. Kh2 Ng5 30. Ng1 Ne4 31. Re2 Qg6 32. f3 Nf2 33. Rxf2 Qg3+ 34. Kh1 Qxf2
35. Rd2 Qh4 36. Re2 Rg7 37. Be1 Qh5 38. Qd2 Bg5 39. Bd3 Reg8 40. Qc2 Rf7 41.
Qc1 Rfg7 42. Rc2 Bh4 43. Bb4 Bg3 44. Bf1 Qh4 45. Ne2 Bf7 46. Bd2 Bf2 47. Bxf4
Bh5 48. Rc3 Be1 49. g3 Bxc3 50. Qxc3 Qe7 51. Kh2 Kh7 52. Bd2 Bg6 53. h4 Bf7 54.
Qe3 Kh8 55. Bh3 Be6 56. Qxh6+ Rh7 57. Qf4 c5 58. dxc5 Qxc5 59. Qd4 Qe7 60. Be1
Rc8 61. Bc3 Rc4 62. Qf2 b5 63. Nf4 Rxh4 64. Ng6+ 1-0

[Event "CXU Obro Nytaar 2012"]
[Site "Copenhagen"]
[Date "2012.12.30"]
[Round "6"]
[White "Kirknel, Thomas"]
[Black "Ulrich, Thomas"]
[Result "0-1"]
[WhiteElo "2125"]
[BlackElo "2041"]
[PlyCount "100"]
[EventDate "2012.??.??"]
[EventType "swiss"]
[EventRounds "7"]

1. e4 e6 2. d4 d5 3. Nc3 Nf6 4. Bg5 Bb4 5. e5 h6 6. exf6 hxg5 7. fxg7 Rg8 8. h4
gxh4 9. Qh5 Qf6 10. Rxh4 Qxg7 11. O-O-O Bd7 12. f4 Nc6 13. Nf3 O-O-O 14. Qh7
Qf6 15. Qd3 Rh8 16. g3 Rxh4 17. Nxh4 Bd6 18. Kb1 Bxf4 19. gxf4 Qxh4 20. f5 Rg8
21. fxe6 Bxe6 22. Na4 Rg3 23. Qb5 a6 24. Qc5 Qe7 25. Qxe7 Nxe7 26. Nc5 Rg1 27.
Nxb7 Rxf1 28. Rxf1 Kxb7 29. b3 Nf5 30. c3 Ng3 31. Rf3 Ne4 32. Kc2 Kb6 33. Kd3
c6 34. Rf1 Nd6 35. Rf6 Kc7 36. Rh6 Bf5+ 37. Ke3 Bb1 38. Rh2 Nb5 39. Kd2 f5 40.
Rh7+ Kb6 41. Rh6 Be4 42. Rf6 Na3 43. Ke3 a5 44. Rh6 Nc2+ 45. Kf4 Ne1 46. Rh8
Nd3+ 47. Ke3 f4+ 48. Ke2 f3+ 49. Kf1 Nc1 50. a3 Ne2 0-1